Estatísticas para Municípios cortados pela Rodovia Fernão Dias

Clique aqui para jogar o quiz

Estatísticas Gerais

  • Esse quiz foi jogado 37 vezes
  • A pontuação média é 20 de 38

Estatísticas das Respostas

UFCidade% Correto
SPSão Paulo
100%
SPSão Paulo
100%
MGBelo Horizonte
93%
SPGuarulhos
86%
SPAtibaia
79%
MGContagem
79%
MGBetim
75%
SPBragança Paulista
71%
MGExtrema
68%
MGPouso Alegre
68%
SPMairiporã
64%
MGLavras
61%
MGTrês Corações
61%
MGCambuí
57%
MGCamanducaia
54%
MGOliveira
54%
MGBrumadinho
46%
MGCampanha
46%
MGPerdões
43%
MGPerdões
43%
MGRibeirão Vermelho
43%
MGRibeirão Vermelho
43%
MGEstiva
39%
MGItaguara
39%
MGItapeva
39%
MGNepomuceno
39%
MGSão Joaquim de Bicas
39%
MGCarmo da Cachoeira
36%
MGCarmópolis de Minas
36%
MGIgarapé
36%
MGItatiaiuçu
36%
MGSão Gonçalo do Sapucaí
36%
SPVargem
36%
MGRio Manso
32%
MGRio Manso
32%
MGSanto Antônio do Amparo
32%
MGSão Sebastião da Bela Vista
29%
MGCareaçu
25%

Distribuição das Pontuações

Percentil de Números Respondidos

Porcentagem de Pessoas com Cada Pontuação

Sua Pontuação Histórica

Você não jogou esse quiz